| 000 | 00536nam a2200229Ia 4500 | ||
|---|---|---|---|
| 005 | 20250425161803.0 | ||
| 008 | 250425s9999 xx 000 0 und d | ||
| 020 | _a0700522634 | ||
| 041 | _aeng | ||
| 043 | _axxu | ||
| 082 | _a001.535 | ||
| 100 | _aRICH, ELAINE | ||
| 245 | 0 | _aARTIFICIAL INTELLIGENCE | |
| 250 | _a2ND ED. | ||
| 260 |
_aEstados Unidos _bMCGRAW-HILL _c1991 |
||
| 260 | _aNEW YORK | ||
| 300 | _a621 | ||
| 650 | _aINTELIGENCIA ARTIFICIAL | ||
| 650 | _aTECNICAS HEURISTICAS | ||
| 942 | _c01 | ||
| 010 | _a29057 | ||
| 999 |
_c216081 _d216081 |
||